Menyungkil sejarah sebelum Islam datang ke Kedah (Record no. 123831)

MARC details
000 -LEADER
fixed length control field 00665nam a2200229 i 4500
001 - CONTROL NUMBER
control field C2-0323818
003 - CONTROL NUMBER IDENTIFIER
control field PPAK
005 - DATE AND TIME OF LATEST TRANSACTION
control field 20180728122313.0
008 - FIXED-LENGTH DATA ELEMENTS--GENERAL INFORMATION
fixed length control field 970115s1974 my a|||| ||||| | may d
040 ## - CATALOGING SOURCE
Original cataloging agency PPAK
Language of cataloging eng
Transcribing agency PPAK
Description conventions rda
082 04 - DEWEY DECIMAL CLASSIFICATION NUMBER
Classification number 959.5112
Edition number 23
090 00 - LOCALLY ASSIGNED LC-TYPE CALL NUMBER (OCLC); LOCAL CALL NUMBER (RLIN)
Classification number (OCLC) (R) ; Classification number, CALL (RLIN) (NR) 959.5112
Feature heading ABD
Feature heading KK
100 0# - MAIN ENTRY--PERSONAL NAME
Personal name Abdul Ghani Az,
Relator term author
245 10 - TITLE STATEMENT
Title Menyungkil sejarah sebelum Islam datang ke Kedah
264 #1 - PRODUCTION, PUBLICATION, DISTRIBUTION, MANUFACTURE, AND COPYRIGHT NOTICE
Place of production, publication, distribution, manufacture [Kuala Lumpur] :
Name of producer, publisher, distributor, manufacturer Utusan ,
Date of production, publication, distribution, manufacture, or copyright notice 1974
300 ## - PHYSICAL DESCRIPTION
Extent [4 pages] :
Other physical details illustrations ;
Dimensions 22 cm
336 ## - CONTENT TYPE
Source rdacontent
Content type term text
337 ## - MEDIA TYPE
Source rdamedia
Media type term unmediated
338 ## - CARRIER TYPE
Source rdacarrier
Carrier type term volume
500 ## - GENERAL NOTE
General note Dipetik dari Mastika, Mac 1974.
942 ## - ADDED ENTRY ELEMENTS (KOHA)
-- dc
Koha item type Book
Holdings
Withdrawn Not for loan Current library Shelving location Date acquired Full call number Barcode Date last seen Koha item type Public note
  Not For Loan Perpustakaan Alor Setar Koleksi Kedah 16/08/1998 KK 959.5112 ABD A00152498 09/05/2018 Monograf Artikel Pilihan
  Not For Loan Perpustakaan Alor Setar Koleksi Kedah 25/11/2007 KK 959.5112 ABD A00159336 09/05/2018 Articles Artikel Pilihan
  Not For Loan Perpustakaan Alor Setar Koleksi Kedah 15/01/1997 KK 959.5112 ABD A00362716 09/05/2018 Book Artikel Pilihan